| 000 | 00450nam a2200145 i 4500 | ||
|---|---|---|---|
| 001 | 74549 | ||
| 003 | ES-MaACL | ||
| 005 | 20230906172152.0 | ||
| 007 | t| | ||
| 008 | 040920s1919 fr ||||1| fre d | ||
| 100 | 1 |
_aGouin, Gustave. _959324 |
|
| 245 | 1 | 0 |
_aPourquoi la Chine n'a pas signé la paix _b: le traité secret Japonais-Allemand : la question du Chantoung / _cGustave Gouin. |
| 260 |
_aParís : _b[s.n., _c1919] |
||
| 852 |
_aES-MaACL _j1587-F-7 |
||
| 999 |
_c74549 _d74549 |
||